MARC

LEADER 00000nam0a2200000 4500
001 277179
005 20231101235006.0
020 |a RU  |b 86-17592 
035 |a (RuTPU)RU\TPU\book\300452 
090 |a 277179 
100 |a 20141201d1986 km y0rusy5003 ca 
101 0 |a rus 
102 |a RU 
105 |a a z 001zy 
200 1 |a Цифровое кодирование с предсказанием непрерывных сигналов  |f Н. Г. Харатишвили 
210 |a Москва  |c Радио и связь  |d 1986 
215 |a 140 с.  |c ил. 
320 |a Библиогр.: с. 134-139 (134 назв.) 
606 1 |a Телевизионные сигналы  |x Кодирование цифровое  |2 stltpush  |3 (RuTPU)RU\TPU\subj\59175  |9 76740 
610 1 |a цифровое кодирование 
610 1 |a непрерывные сигналы 
610 1 |a системы связи 
610 1 |a искажения 
610 1 |a квантование 
610 1 |a предсказания 
610 1 |a процессы 
610 1 |a помехоустойчивость 
675 |a 621.397.3  |z rus  |v 3 
700 1 |a Харатишвили  |b Н. Г.  |g Нодар Георгиевич 
801 0 |a RU  |b RuMRKP  |c 19950704  |g psbo 
801 1 |a RU  |b 63413507  |c 20141201 
801 2 |a RU  |b 63413507  |c 20211028  |g RCR 
942 |c BK